| 000 | 01207nam a2200301 i 4500 | ||
|---|---|---|---|
| 001 | 38829 | ||
| 003 | ES-MaACL | ||
| 005 | 20230906155829.0 | ||
| 008 | 030226s1944 sp |||| | spa d | ||
| 100 | 1 |
_aCamba, Francisco. _934019 |
|
| 245 | 1 | 0 |
_aEpisodios contemporáneos / _cpor Francisco Camba. |
| 260 |
_aMadrid : _bInstituto Editorial Reus, _c1944. |
||
| 300 |
_a11 v. ; _c20 cm. |
||
| 505 | 8 | _aI: Cuando la boda del rey - II: La leyenda negra - III: ¡Maura no!. - IV: El Ducado de Canalejas - V: Los mosqueteros de la neutralidad - VI: La rebelión de los mandos - VII: La ley de fugas - VIII: Annual - IX: Primo de Rivera - X: El romancillo del Capitán Galán - XI: La caída de Alfonso XIII | |
| 651 | 4 |
_aEspaña- _xHistoria- _vNovelas. _9170844 |
|
| 740 | 0 | 2 | _aCuando la boda del Rey. |
| 740 | 3 | 2 | _aLa leyenda negra. |
| 740 | 1 | 2 | _a¡Maura no! |
| 740 | 3 | 2 | _aEl Ducado de Canalejas. |
| 740 | 4 | 2 | _aLos mosqueteros de la neutralidad. |
| 740 | 3 | 2 | _aLa rebelión de los mandos. |
| 740 | 3 | 2 | _aLa ley de fugas. |
| 740 | 0 | 2 | _aAnnual. |
| 740 | 0 | 2 | _aPrimo de Rivera. |
| 740 | 3 | 2 | _aEl romancillo del Capitán Galán. |
| 740 | 3 | 2 | _aLa caída de Alfonso XIII. |
| 852 |
_aES-MaACL _jC-23155-65 |
||
| 999 |
_c38829 _d38829 |
||